000 00607nam a22002417a 4500
001 33052
003 UA-OsUOA
005 20231121132638.0
007 ta
008 20050304b un ||||| |||| 00| 0 ukr d
020 _a966-603-276-7 (т. 5)
040 _aUA-OsUOA
_bukr
_cUA-OsUOA
_dUA-OsUOA
041 _aukr
044 _aUA
080 _a94(477)
090 _a94(477)
_bГ91
245 _aСерія "Історичні студії та розвідки 1888–1896"
_cред. Л. Веремієнко
260 _c2003
300 _a592 с.
650 7 _2UDC
942 _cBK
_2udc
955 _a0
999 _c319509
_d319509